| 000 | 00712nam a2200241Ia 4500 | ||
|---|---|---|---|
| 008 | 130821s2006 sp gr spa | ||
| 020 | _a8449319112 | ||
| 040 |
_aCo-BoUCM _bspa |
||
| 041 | 0 | 0 | _aspa |
| 100 | 1 |
_aAcaso, María _994279 |
|
| 245 | 1 | 3 |
_aEl lenguaje visual _cMaría Acaso |
| 260 |
_aBarcelona (España) _bPaidós _c2006 |
||
| 300 | _a162 páginas | ||
| 490 |
_aPaidós Arte y Educación _v11 |
||
| 504 | _aIncluye bibliografía | ||
| 650 | 0 | 4 |
_aLenguaje y cultura _918376 |
| 650 | 0 | 4 |
_aLenguaje _918359 |
| 650 | 0 | 4 |
_aSimbolismo _924414 |
| 650 | 0 | 4 |
_aSociología _9386 |
| 650 | 0 | 4 |
_9137 _aComunicación |
| 942 |
_cLIBRO _a5 _e1 _mA168L _2DEWEY _h302.222 |
||
| 999 |
_c56005 _d56005 |
||